000 00676nam a2200193Ia 4500
003 GCL
008 140319s9999 xx 000 0 ara d
040 _aGCL /
_cGCL
082 0 4 _a306.6
_bو ا
100 1 _aويليم، جان - بول
245 1 0 _aالاديان فى علم الاجتماع /
_cويليم، جان - بول
700 1 _aبسمة بدران
250 _aالاولى
260 _aبيروت :
_bالمؤسسة الجامعية للدراسات والنشر والتوزيع ،
_c2001
300 _a192 ص ؛
_c24 سم
650 0 4 _aالاجتماع الدينى، علم
650 0 4 _aالاجتماع الاسلامى - علم
942 _2ddc
_cBK
999 _c7949
_d7949